000 00606cam a22002291 4500
001 sa 65001262
003 DLC
005 20260227112108.0
008 941108q19001999ii b 000 0 beno
010 _asa 65001262
025 _aPL480:EP-B-258
035 _a(OCoLC)31426563
040 _aDLC
_cCU
_dCU
_dDLC
050 0 0 _aPK1718.Q7
_bM3
100 0 _aKāẏakobūda,
_d1852-1951.
245 1 0 _aMahāśmaśāna kābya.
260 _c[19??]
300 _av.
_c18 cm.
500 _aIn Bengali.
504 _aBibliographical footnotes.
650 0 _aPanipat, Battle of, Pānīpat, India, 1761
_vPoetry.
999 _c61991
_d61991